000 01131nam a22003017a 4500
001 9558
003 FISKH
005 20260123125302.0
008 260123b cb ||||| |||| 00| 0 eng d
020 _a9781907411755
040 _aFISKH
_beng
_cFISKH
_dFISKH
050 _aPZ7 .C677474 .L
082 _a813.6
100 _aColfer, Chris
_eAuthor
245 _aThe wishing spell /
_cChris Colfer ; illustrated by Brandon Dorman
260 _aLondon :
_bLittle, Brown Books for Young Readers ,
_c2012
300 _a438 pages :
_billustrations ;
_c20 cm
490 _aThe land of stories :
_v1
505 _aR
520 _a"Through the mysterious powers of a cherished book of stories, twins Alex and Conner leave their world behind and find themselves in a foreign land full of wonder and magic where they come face-to-face with the fairy tale characters they grew up reading about"--
521 8 _a720
_bLexile
521 8 _aR
_bRaz-Plus
650 _aFairy tale
_vFairy tale retelling
650 _aMagic
_vJuvenile fiction
700 _aDorman, Brandon
_eIllustrator
942 _2ddc
_cBK
_n0
999 _c9558
_d9558